Lentes oftálmicas: problemas
Guardat en:
| Autors principals: | , , , |
|---|---|
| Format: | Llibre |
| Idioma: | espanyol |
| Publicat: |
Barcelona
UPC
1994
|
| Edició: | 2a. ed |
| Col·lecció: | Colección Aula Práctica, 6
|
| Matèries: | |
| Etiquetes: |
Afegir etiqueta
Sense etiquetes, Sigues el primer a etiquetar aquest registre!
|
MARC
| LEADER | 00000nam a2200000 a 4500 | ||
|---|---|---|---|
| 001 | UCQ7305 | ||
| 003 | CL-VaPUC | ||
| 008 | 981107e19940000SP |||||||||||||||||spa|d | ||
| 082 | 0 | 4 | |a 681.4 |b SAL |2 21 |
| 100 | 0 | |a Salvadó Arqués, Joan |e author |9 421196 | |
| 700 | 0 | |a Vera Tenza, Marisa |e author |9 421197 | |
| 700 | 0 | |a Guisasola València, Laura |e author |9 421198 | |
| 700 | 0 | |a Fransoy Bel, Marta |e author |9 421199 | |
| 245 | 1 | 0 | |a Lentes oftálmicas: problemas |
| 250 | |a 2a. ed | ||
| 300 | |a 169 p | ||
| 942 | |c BK | ||
| 945 | |d 19981107 00:00:00 |a aarredon | ||
| 260 | |a Barcelona |b UPC |c 1994 | ||
| 650 | 0 | |a Instrumentos ópticos |9 314799 | |
| 650 | 7 | |a LENTES OPTICOS |2 CL-VaPUC |9 394869 | |
| 650 | 7 | |a EQUIPO OPTICO |2 CL-VaPUC |9 421200 | |
| 650 | 0 | |a Optica |9 263171 | |
| 650 | 7 | |a LENTES MONOFOCALES |2 CL-VaPUC |9 421201 | |
| 650 | 7 | |a LENTES MULTIFOCALES |2 CL-VaPUC |9 421202 | |
| 650 | 0 | |a Astigmatismo |9 408239 | |
| 583 | |a last modification |c 19981107 00:00:00 |k Rodrigo Vera | ||
| 490 | 0 | |a Colección Aula Práctica, 6 | |
| 999 | |c 277020 |d 277018 | ||
| 952 | |0 0 |1 0 |4 0 |6 681_400000000000000_SAL_1994 |7 0 |8 A |9 314727 |a BIBCUR |b BIBCUR |d 2019-11-20 |i 3472574 |o 681.4 SAL 1994 |p 3472574 |r 2025-04-22 |w 2019-11-20 |y BK |k TEM | ||
| 952 | |0 0 |1 0 |4 0 |6 681_400000000000000_SAL_1994 |7 0 |8 A |9 314728 |a BIBCUR |b BIBCUR |d 2019-11-20 |i 3472582 |o 681.4 SAL 1994 |p 3472582 |r 2025-04-22 |w 2019-11-20 |y BK |k TEM | ||
| 952 | |0 0 |1 0 |4 0 |6 681_400000000000000_SAL_1994 |7 0 |8 A |9 314729 |a BIBCUR |b BIBCUR |d 2019-11-20 |i 3472590 |o 681.4 SAL 1994 |p 3472590 |r 2025-04-22 |w 2019-11-20 |y BK |k TEM | ||
| 952 | |0 0 |1 0 |4 0 |6 681_400000000000000_SAL_1994 |7 0 |8 A |9 314730 |a BIBCUR |b BIBCUR |d 2019-11-20 |i 3621820 |o 681.4 SAL 1994 |p 3621820 |r 2025-04-22 |w 2019-11-20 |y BK |k TEM | ||